MARC детайли
| 000 -Лидер |
| Контролно поле с фиксирана дължина |
01651nam a2200349 a 4500 |
| 003 - Код на организацията, давaща контролен номер |
| Контролно поле |
BLK |
| 005 - Дата и час на последна редакция |
| Контролно поле |
20250517152612.0 |
| 008 - Елементи от данни с фиксирана дължина |
| fixed length control field |
180411b bul|||||r ||||||| ||bul|| |
| 010 ## - Наследен системен номер |
| LC control number |
KNG00176544000 |
| 040 ## - Източник на каталожния запис |
| Идентификатор на билиотеката - собственик на записа |
BLK |
| 041 ## - Код за език |
| Код за езика на текст/звукозапис или на отделно заглавие |
Български |
| Код за езика КДБФ |
Български |
| 072 #7 - Код за тематичната категория |
| Код организация |
bullib |
| Код за тематична категория |
К |
| Текст |
Краезнание |
| 080 ## - УДК |
| Текстов определител УДК |
Селско стопанство. Горско стопанство. Лов. Рибно стопанство |
| УДК код - определител по УДК |
63 |
| УДК определител |
(497.2) |
| УДК - код + определител |
63(497.2) |
| 080 ## - УДК |
| Текстов определител УДК |
Селски общини. Социология на селото. Аграрна социология |
| УДК код - определител по УДК |
316.334.55 |
| УДК определител |
(497.2) |
| УДК - код + определител |
316.334.55(497.2) |
| 139 ## - Редно поле |
| Редна дума |
Българското село 1930 год. |
| Авторски знак |
Бъл - Б 92 |
| 245 10 - Сведения за заглавието |
| Заглавие |
Българското село 1930 год. |
| Подзаглавни данни |
Юбил. сб. |
| 257 ## - Страна на издаване |
| Страна на създаване/издаване |
България |
| 260 ## - Област на издателските данни |
| Място на издаване, разпространение и проч. |
София |
| Име на издателя, разпространителя и проч. |
Библ. Нашето село |
| Година на издаване |
1931 |
| Печатница |
(София : Пряпорец) |
| 300 ## - Физическа характеристика |
| Страници |
LXXII, 480, 120 с. |
| Илюстрации и др. |
с портр. |
| Размери/Мащаб |
29 см |
| 380 ## - Жанр |
| Жанр |
Селско стопанство |
| 500 ## - Общи забележки |
| Забележка |
Кор. загл. Българското село. |
| 650 #4 - Допълнително описание по предмет – тема |
| Основно описание – тема или топоним |
Селско стопанство - България |
| 9 (RLIN) |
269258 |
| 650 #0 - Допълнително описание по предмет – тема |
| Основно описание – тема или топоним |
Села - България - социология |
| 9 (RLIN) |
257352 |
| 852 ## - Местоположение |
| Форматна сигнатура |
Цб 6.295.6875 |
| Фондова буква |
Хранилище |
| 852 ## - Местоположение |
| Форматна сигнатура |
К 63/Б 92 |
| Фондова буква |
Краезнание |
| 856 4# - Електронен адрес и достъп |
| Електронен формат |
pdf - файл |
| Инструкция (цена за достъп) |
0.00 |
| Права за достъп |
Достъп за регистрирани потребители |
| Име на файл |
Българското село 1930 год. |
| Допълнителна информация (Корица, съдържание, пълен текст, звуков файл, HTML файл) |
Електронна книга |
| Информация за съдържанието |
Българското село 1930 год. |
| Път до файла /url/ |
http://185.138.176.146:18082/cgi-bin/koha/opac-retrieve-file.pl?id=ac7917bcbb26c174e7938d5a5d826591 |
| 942 ## - АРТИКУЛИ |
| Вид на библиотечния материал |
Книги |
| Скрит в OPAC |
Не |
| Периодичен библиозапис |
Да |
| Koha issues (borrowed), all copies |
1 |
| 944 ## - СЪЗДАВАНЕ И РЕДАКЦИЯ на ЗАПИСА |
| Създаване/Редакция |
Създаване |
| Дата на регистрацията/редакция |
11.06.2015 |
| Статус, дата на статуса |
Цветомила Тодорова |
| Служител, извършил регистрацията/редакцията |
30576 |
| 944 ## - СЪЗДАВАНЕ И РЕДАКЦИЯ на ЗАПИСА |
| Създаване/Редакция |
Редакция |
| Дата на регистрацията/редакция |
2023-04-18 |
| Служител, извършил регистрацията/редакцията |
Кети |
| 999 ## - СИСТЕМНИ КОНТРОЛНИ НОМЕРА |
| Koha biblionumber |
168627 |
| Koha biblioitemnumber |
168627 |
| 999 ## - СИСТЕМНИ КОНТРОЛНИ НОМЕРА |
| Koha biblioitemnumber |
168627 |
| 999 ## - СИСТЕМНИ КОНТРОЛНИ НОМЕРА |
| Koha biblioitemnumber |
168627 |